Figuring out the implications of the 1995 rates revaluation (Record no. 47412)

MARC details
000 -LEADER
fixed length control field 00921cab a2200253 4500
001 - CONTROL NUMBER
control field ABS52378
008 - FIXED-LENGTH DATA ELEMENTS--GENERAL INFORMATION
fixed length control field 090401t1995 xxu||||| |||| 00| 0 eng d
035 ## - SYSTEM CONTROL NUMBER
System control number (Sirsi) u75254
041 ## - LANGUAGE CODE
Language code of text/sound track or separate title eng
100 ## - MAIN ENTRY--PERSONAL NAME
Personal name Tutcher, S.
245 ## - TITLE STATEMENT
Title Figuring out the implications of the 1995 rates revaluation
260 ## - PUBLICATION, DISTRIBUTION, ETC.
Date of publication, distribution, etc. 1995
350 ## - PRICE (NR) (BK AM CF MU VM SE) [OBSOLETE]
Price 0
490 ## - SERIES STATEMENT
Series statement Property Week
Volume/sequential designation 50(5) 2 February 1995, 36(1)
520 ## - SUMMARY, ETC.
Summary, etc. Assesses the overall implications of the 1995 rates revaluation following publication of draft rating lists and the proposed transitional arrangements outlined in the "Non-Domestic Rating (Chargeable Amounts) Regulations 1994." Table shows impact on rateable values by region.
650 ## - SUBJECT ADDED ENTRY--TOPICAL TERM
Topical term or geographic name entry element BUSINESS RATES
650 ## - SUBJECT ADDED ENTRY--TOPICAL TERM
Topical term or geographic name entry element PHASING
650 ## - SUBJECT ADDED ENTRY--TOPICAL TERM
Topical term or geographic name entry element RATEABLE VALUES
650 ## - SUBJECT ADDED ENTRY--TOPICAL TERM
Topical term or geographic name entry element RATING REVALUATION 1995
650 ## - SUBJECT ADDED ENTRY--TOPICAL TERM
Topical term or geographic name entry element TRANSITIONAL RELIEF
690 ## - LOCAL SUBJECT ADDED ENTRY--TOPICAL TERM (OCLC, RLIN)
Topical term or geographic name as entry element RATING AND VALUATION
942 ## - ADDED ENTRY ELEMENTS (KOHA)
Suppress in OPAC 0
948 ## - LOCAL PROCESSING INFORMATION (OCLC); SERIES PART DESIGNATOR (RLIN)
c (OCLC) 04/03/1997
Holdings
Withdrawn status Lost status Source of classification or shelving scheme Damaged status Not for loan Home library Current library Shelving location Date acquired Total Checkouts Full call number Barcode Date last seen Copy number Price effective from Koha item type
    Dewey Decimal Classification     London London Journal article 14/09/1999   ABS52378 75254-1001 06/08/2019 1 06/08/2019 Journal article